| 000 | 00749cab a2200253 4500 | ||
|---|---|---|---|
| 001 | ABS60105 | ||
| 008 | 090401t1999 xxu||||| |||| 00| 0 eng d | ||
| 035 | _a(Sirsi) u91880 | ||
| 041 | _aeng | ||
| 100 | _aCook, A. | ||
| 245 | _aTate Gallery of Modern Art, Bankside, London | ||
| 260 | _c1999 | ||
| 350 | _a0 | ||
| 490 |
_aBuilding _v264(8077) 5 March 1999, 38-43(6) |
||
| 520 | _aProvides an overview of the transformation of Bankside power station to the new Tate Gallery. Includes plans and a cost analysis. | ||
| 650 | _aBANKSIDE POWER STATION | ||
| 650 | _aCOST ANALYSIS | ||
| 650 | _aLONDON | ||
| 650 | _aPLANS | ||
| 650 | _aTATE GALLERY | ||
| 690 | _aBUILDING AND CONSTRUCTION-PROJECTS | ||
| 942 | _n0 | ||
| 948 | _c09/03/1999 | ||
| 999 |
_c58280 _d58280 |
||